000 00473nam a22001691a 4500
001 752
003 OSt
005 20260204211707.0
008 040114s(20.||||RD ||||||b||||||||||X ||
082 _aRD 384.21 L8p
110 _aInstituto Dominicano de Investigación Agropecuaria y Forestal
245 _aEl procesamiento de musaceas / IDIAF
264 _aSanto Domingo : IDIAF
300 _a146p.
700 _aMusacea 2.Produción de Postres 3.ResetasÌ
942 _2ddc
_cBK
999 _c752
_d752